| 000 | 00745cam a2200289 4500 | ||
|---|---|---|---|
| 008 | #DATE n2002 000 0 eng u | ||
| 020 | _a186152501X | ||
| 035 | _a(Sirsi) u121371 | ||
| 041 | _aeng | ||
| 050 |
_a333.332 _c18 |
||
| 100 | _aBaum, Andrew | ||
| 245 | 4 | _aThe income approach to property valuation | |
| 250 | _a4th ed | ||
| 260 |
_aLondon _bThomson _c2002 |
||
| 300 |
_axiv, 208p. _c23cm. |
||
| 350 | _a27.99 | ||
| 650 | _aCAPITALISATION | ||
| 650 | _aDISCOUNTED CASH FLOW | ||
| 650 | _aINVESTMENT ANALYSIS | ||
| 650 | _aPROPERTY VALUATION | ||
| 650 | _aVALUATION METHODS | ||
| 650 |
_aValuation _96273 |
||
| 690 | _aRATING AND VALUATION | ||
| 700 | _aMackmin, David | ||
| 700 | _aNunnington, Nick | ||
| 942 | _n0 | ||
| 999 |
_c102660 _d102660 |
||